U.S. Geography Bee General Knowledge #5 - Statistics

General Stats
  • This quiz has been taken 39 times
  • The average score is 12 of 20
Answer Stats
Question Answer % Correct
Which state is the largest producer of wheat, it's most populous city is Wichita? Kansas
81%
Which state is closest to Africa? Maine
78%
Madison Square Garden is a famous arena in which state? New York
75%
Verizon and JP Morgan Chase are major companies headquartered in which city? New York City
75%
The 49th parallel separates Canada from WA, MT, ND, MN, and which other state? Idaho
72%
Which city was the capital of the Confederacy during the Civil War? Richmond
72%
This dam was named after a US president and is located on the border of Nevada and Arizona. Hoover Dam
69%
The Trail of Tears began in the state of Georgia and ended in which state? Oklahoma
69%
Which is the largest mountain range in California, it is home to Mt. Whitney? Sierra Nevada
69%
Which state is the annual host of the Daytona 500? Florida
66%
The Liberty Bell and Independence Hall are landmarks in this city. Philadelphia
66%
The Cumberland Gap is a mountain pass located in the Appalachian Mtns. in which state? Kentucky
63%
The Mason-Dixon line separates Maryland from which other state? Pennsylvania
63%
The National Cherry Blossom Festival is located in which major US city? Washington D.C.
56%
Which state did the Klondike gold rush take place? Alaska
47%
Which is the only national park in Arkansas, also namesake for a major city in Arkansas? Hot Springs National Park
44%
The Connecticut River serves as the western border of which state? New Hampshire
41%
Which city is the oldest state capital in the US? Santa Fe
38%
If you live in Jackson, WY, which US national park would you drive north through before reaching Yellowstone? Grand Teton National Park
34%
The Battle of Tippecanoe took place along which river that is the longest in Indiana. Wabash River
28%
No matching quizzes found
Score Distribution
Percent of People with Each Score
Percentile by Number Answered
Your Score History
You have not taken this quiz